[Event "Pozarevac Rudar IM-B 01"]
[Site "Pozarevac"]
[Date "2024.02.06"]
[Round "8.1"]
[White "Nestorovic, Lazar"]
[Black "Apaar, Saxena"]
[Result "1-0"]
[WhiteElo "2340"]
[BlackElo "2150"]
[PlyCount "99"]
[EventDate "2024.01.31"]
[EventType "tourn"]
[EventRounds "9"]
[EventCountry "SRB"]
[SourceTitle "CB07_2024"]
[SourceDate "2024.02.14"]
[SourceVersion "1"]
[SourceVersionDate "2024.02.14"]
[SourceQuality "1"]
[WhiteTeam "TIeam A"]
[BlackTeam "TIeam C"]
[WhiteTeamCountry "SRB"]
[BlackTeamCountry "SRB"]

1. e4 e5 2. Nf3 Nc6 3. Bc4 d6 4. d4 Nf6 5. 0-0 Bg4 6. c3 Nxe4 7. Bd5 Nf6 8. Bxc6+ bxc6 9. dxe5 Nd7 10. Re1 d5 11. h3 Bxf3 12. Qxf3 Be7 13. Qg4 Kf8 14. e6 Nf6 15. Qa4 c5 16. Bf4 fxe6 17. Rxe6 Kf7 18. Ra6 Qb8 19. b3 Re8 20. Na3 Bd6 21. Bxd6 cxd6 22. Nb5 Re6 23. Rxa7+ Rxa7 24. Qxa7+ Qxa7 25. Nxa7 Ke7 26. Nb5 Kd7 27. Kf1 Kc6 28. a4 Ne4 29. Rd1 h5 30. h4 Re7 31. f3 Ng3+ 32. Kf2 Nf5 33. Rh1 g6 34. g4 hxg4 35. fxg4 Ne3 36. Kf3 Nc2 37. Rc1 Ne1+ 38. Kg3 Nd3 39. Rf1 Re6 40. h5 gxh5 41. gxh5 c4 42. Nd4+ Kd7 43. Nxe6 Kxe6 44. bxc4 dxc4 45. h6 Ne5 46. h7 Ng6 47. a5 Kd7 48. a6 Kc8 49. Rf6 Nh8 50. Rf8+ 1-0

[Event "Pozarevac Rudar 16th"]
[Site "Pozarevac"]
[Date "2023.08.17"]
[Round "7"]
[White "Stankovic, Boris"]
[Black "Nestorovic, Lazar"]
[Result "0-1"]
[WhiteElo "2241"]
[BlackElo "2352"]
[PlyCount "62"]
[EventDate "2023.08.11"]
[EventType "tourn"]
[EventRounds "9"]
[EventCountry "SRB"]
[EventCategory "1"]
[SourceTitle "EXT 2024"]
[Source "ChessBase"]
[SourceDate "2023.10.10"]
[SourceVersion "1"]
[SourceVersionDate "2023.10.10"]
[SourceQuality "1"]

1. e4 Nc6 2. Nf3 d6 3. d4 Nf6 4. Nc3 g6 5. h3 Bg7 6. Be2 0-0 7. 0-0 e5 8. dxe5 Nxe5 9. Nd4 Re8 10. Bg5 h6 11. Bh4 c6 12. Kh1 Ned7 13. Bf3 Nb6 14. Re1 Be6 15. Nxe6 Rxe6 16. Bg4 Re8 17. Bg3 Nxg4 18. hxg4 Nc4 19. Qf3 Nxb2 20. Rab1 Nc4 21. Rxb7 Qf6 22. Na4 Qe6 23. Qb3 d5 24. Rc7 Nd2 25. Qb7 Nxe4 26. Kg1 Reb8 27. Qa6 Qxg4 28. Rxf7 Nxg3 29. Qxc6 Ne2+ 30. Kf1 Kxf7 31. Nc5 Kg8 0-1

[Event "Pozarevac Rudar 16th"]
[Site "Pozarevac"]
[Date "2023.08.15"]
[Round "5"]
[White "Rajkovic, Aleksandar"]
[Black "Nestorovic, Lazar"]
[Result "1/2-1/2"]
[WhiteElo "2163"]
[BlackElo "2352"]
[PlyCount "68"]
[EventDate "2023.08.11"]
[EventType "tourn"]
[EventRounds "9"]
[EventCountry "SRB"]
[EventCategory "1"]
[SourceTitle "EXT 2024"]
[Source "ChessBase"]
[SourceDate "2023.10.10"]
[SourceVersion "1"]
[SourceVersionDate "2023.10.10"]
[SourceQuality "1"]

1. e4 c5 2. Nf3 d6 3. d4 cxd4 4. Nxd4 Nf6 5. Nc3 a6 6. g3 Bg4 7. f3 Bd7 8. Be3 h5 9. Qd2 e6 10. a4 Nc6 11. Nb3 Ne5 12. Be2 Bc6 13. a5 Be7 14. Bb6 Qc8 15. Nd4 Bd7 16. f4 Nc4 17. Bxc4 Qxc4 18. 0-0-0 0-0 19. e5 dxe5 20. Nf3 Bb4 21. Nxe5 Bxc3 22. Nxc4 Bxd2+ 23. Rxd2 Bb5 24. Nd6 Bc6 25. Re1 Nd5 26. Bc5 Rfd8 27. c4 Nf6 28. b4 Rd7 29. Bb6 Kh7 30. f5 exf5 31. Nxf5 Re8 32. Rxe8 Nxe8 33. Rxd7 Bxd7 34. Ne3 Kg6 1/2-1/2

[Event "Pozarevac Rudar 16th"]
[Site "Pozarevac"]
[Date "2023.08.13"]
[Round "3"]
[White "Ilincic, Zlatko"]
[Black "Nestorovic, Lazar"]
[Result "1/2-1/2"]
[WhiteElo "2328"]
[BlackElo "2352"]
[PlyCount "24"]
[EventDate "2023.08.11"]
[EventType "tourn"]
[EventRounds "9"]
[EventCountry "SRB"]
[EventCategory "1"]
[SourceTitle "EXT 2024"]
[Source "ChessBase"]
[SourceDate "2023.10.10"]
[SourceVersion "1"]
[SourceVersionDate "2023.10.10"]
[SourceQuality "1"]

1. d4 Nf6 2. c4 e6 3. Nf3 b6 4. g3 Bb7 5. Bg2 Be7 6. 0-0 0-0 7. Nc3 Ne4 8. Nxe4 Bxe4 9. Ne1 Bxg2 10. Nxg2 d5 11. cxd5 Qxd5 12. Nf4 Qb7 1/2-1/2

[Event "Pozarevac Rudar 16th"]
[Site "Pozarevac"]
[Date "2023.08.12"]
[Round "2"]
[White "Nestorovic, Lazar"]
[Black "Micic, Aleksa"]
[Result "1-0"]
[WhiteElo "2352"]
[BlackElo "2235"]
[PlyCount "141"]
[EventDate "2023.08.11"]
[EventType "tourn"]
[EventRounds "9"]
[EventCountry "SRB"]
[EventCategory "1"]
[SourceTitle "EXT 2024"]
[Source "ChessBase"]
[SourceDate "2023.10.10"]
[SourceVersion "1"]
[SourceVersionDate "2023.10.10"]
[SourceQuality "1"]

1. e4 c5 2. Nf3 d6 3. d4 cxd4 4. Nxd4 Nf6 5. Nc3 a6 6. Bg5 e6 7. Qd2 Be7 8. 0-0-0 b5 9. a3 Bb7 10. Bd3 Nbd7 11. f4 Rc8 12. Kb1 Qc7 13. g4 Nb6 14. Rhe1 0-0 15. Qf2 Nxg4 16. Qh4 Bxg5 17. Qxg5 Nf2 18. Rd2 Nxd3 19. Rxd3 Qd8 20. Qg3 Qf6 21. e5 dxe5 22. fxe5 Qh6 23. Ne4 Bxe4 24. Rxe4 Rfd8 25. Rh4 Qg6 26. Rg4 Qh6 27. Rh4 Qg6 28. Qf2 h6 29. Nc6 Rxc6 30. Rxd8+ Kh7 31. Rd3 Nc4 32. Qe2 Qf5 33. Rh5 Qf4 34. Ka2 g6 35. Rhh3 Nxe5 36. Rde3 Nc4 37. Re4 Qc1 38. c3 Nd2 39. Qe1 Qc2 40. Re2 Qb3+ 41. Ka1 Nc4 42. Qc1 h5 43. Rd3 Na5 44. Rd7 Qc4 45. Qf1 Kh6 46. Kb1 Rc7 47. Rxc7 Qxc7 48. Qf6 Nc4 49. Qh8+ Kg5 50. Rg2+ Kf5 51. Rf2+ Kg5 52. Qf6+ Kh6 53. Qxf7 Qe5 54. h4 Qe4+ 55. Ka2 Ne5 56. Qxe6 Qxh4 57. Qb6 Qc4+ 58. Ka1 Qe4 59. Qc5 h4 60. Rf1 g5 61. Rg1 Nf3 62. Qf8+ Kh5 63. Qf7+ Kh6 64. Rd1 Ne5 65. Qe8 g4 66. Rd6+ Kg5 67. Qe7+ Kh5 68. Rd8 Qf5 69. Rh8+ Kg6 70. Qh7+ Kf6 71. Rf8+ 1-0

[Event "Pozarevac Rudar 16th"]
[Site "Pozarevac"]
[Date "2023.08.11"]
[Round "1"]
[White "Kheerthi, Ganta"]
[Black "Nestorovic, Lazar"]
[Result "0-1"]
[WhiteElo "2172"]
[BlackElo "2352"]
[PlyCount "54"]
[EventDate "2023.08.11"]
[EventType "tourn"]
[EventRounds "9"]
[EventCountry "SRB"]
[EventCategory "1"]
[SourceTitle "EXT 2024"]
[Source "ChessBase"]
[SourceDate "2023.10.10"]
[SourceVersion "1"]
[SourceVersionDate "2023.10.10"]
[SourceQuality "1"]

1. d4 e6 2. c4 c5 3. d5 exd5 4. cxd5 d6 5. Nc3 g6 6. Nf3 Bg7 7. Nd2 a6 8. a4 Nd7 9. e4 Ne7 10. Be2 0-0 11. 0-0 f5 12. Nc4 Ne5 13. Nxe5 Bxe5 14. Bh6 Rf7 15. f3 f4 16. Qd2 Kh8 17. Bg5 Qf8 18. Kh1 h6 19. Bh4 g5 20. Bf2 Ng6 21. g4 fxg3 22. hxg3 Bh3 23. Rg1 Rxf3 24. Bxf3 Qxf3+ 25. Kh2 Rf8 26. Ra3 Bd7 27. Rf1 Nh4 0-1

[Event "Vojvodina-chT 2nd League"]
[Site "Backa Palanka"]
[Date "2020.10.20"]
[Round "7.3"]
[White "Nestorovic, Lazar"]
[Black "Bulajic, Ratko"]
[Result "1-0"]
[WhiteElo "2365"]
[BlackElo "2247"]
[PlyCount "37"]
[EventDate "2020.10.16"]
[EventType "team-tourn"]
[EventRounds "11"]
[EventCountry "SRB"]
[SourceTitle "EXT 2022"]
[Source "ChessBase"]
[SourceDate "2021.10.06"]
[SourceVersion "1"]
[SourceVersionDate "2021.10.06"]
[SourceQuality "1"]
[WhiteTeam "Pancevo Gligoric"]
[BlackTeam "Sombor"]
[WhiteTeamCountry "SRB"]
[BlackTeamCountry "SRB"]

1. e4 c5 2. Nf3 d6 3. d4 cxd4 4. Nxd4 Nf6 5. Nc3 a6 6. Bg5 e6 7. Be2 Be7 8. f4 Qc7 9. Bf3 h6 10. Bxf6 Bxf6 11. Qd2 g5 12. 0-0-0 gxf4 13. Kb1 Be5 14. Nce2 Nd7 15. Rhf1 Rg8 16. Nxf4 Bxf4 17. Qxf4 e5 18. Qxf7+ Kxf7 19. Bh5+ 1-0

[Event "SRB-chT"]
[Site "Subotica"]
[Date "2019.08.30"]
[Round "9.5"]
[White "Damjanovic, Vuk"]
[Black "Nestorovic, Lazar"]
[Result "0-1"]
[WhiteElo "2246"]
[BlackElo "2374"]
[PlyCount "80"]
[EventDate "2019.08.22"]
[EventType "team-tourn"]
[EventRounds "11"]
[EventCountry "SRB"]
[SourceTitle "EXT 2020"]
[Source "ChessBase"]
[SourceDate "2019.10.17"]
[SourceVersion "1"]
[SourceVersionDate "2019.10.17"]
[SourceQuality "1"]
[WhiteTeam "Belgrade Itaka"]
[BlackTeam "Vladimirci"]
[WhiteTeamCountry "SRB"]
[BlackTeamCountry "SRB"]

1. e4 Nc6 2. Nf3 d6 3. d4 g6 4. Nc3 Bg7 5. Be2 Bg4 6. Be3 Nf6 7. d5 Bxf3 8. Bxf3 Ne5 9. Be2 0-0 10. 0-0 c6 11. f4 Ned7 12. Bf3 Qc7 13. Qe2 Nb6 14. Rae1 Nfd7 15. Nd1 a5 16. Bf2 a4 17. c3 Ra5 18. Ne3 a3 19. b4 Raa8 20. c4 Ra4 21. Qd2 c5 22. bxc5 Nxc5 23. Rc1 Bb2 24. Rc2 Na6 25. f5 Nxc4 26. Nxc4 Rxc4 27. Rxb2 axb2 28. Qxb2 Rc2 29. Qb3 Rc1 30. g3 Rxf1+ 31. Kxf1 Ra8 32. fxg6 hxg6 33. Qb5 Nc5 34. Qb1 Qa5 35. e5 Qxa2 36. Qb5 Qa1+ 37. Kg2 Qxe5 38. Bxc5 dxc5 39. Qxb7 Ra2+ 40. Kh3 Qf5+ 0-1

[Event "SRB-chT Central"]
[Site "Kragujevac"]
[Date "2018.09.16"]
[Round "4.4"]
[White "Nestorovic, Lazar"]
[Black "Jesic, Dusan"]
[Result "1/2-1/2"]
[WhiteElo "2353"]
[BlackElo "2322"]
[PlyCount "108"]
[EventDate "2018.09.14"]
[EventType "team-tourn"]
[EventRounds "11"]
[EventCountry "SRB"]
[SourceTitle "CBM 186 Extra"]
[Source "ChessBase"]
[SourceDate "2018.08.24"]
[SourceVersion "1"]
[SourceVersionDate "2018.08.24"]
[SourceQuality "1"]
[WhiteTeam "Vladimirci"]
[BlackTeam "Sabac"]
[WhiteTeamCountry "SRB"]
[BlackTeamCountry "SRB"]

1. e4 c5 2. Nf3 d6 3. d4 cxd4 4. Nxd4 Nf6 5. Nc3 a6 6. Be3 e5 7. Nb3 Be7 8. h3 h5 9. Qf3 Be6 10. 0-0-0 Nbd7 11. Nd5 Bxd5 12. exd5 Rc8 13. Kb1 Nb6 14. Bxb6 Qxb6 15. Bd3 g6 16. g4 h4 17. g5 Nh5 18. Qg4 Qd8 19. Qxh4 Bxg5 20. Qg4 Nf4 21. h4 Rxh4 22. Rxh4 Bxh4 23. Na5 Rc7 24. Nc4 Bf6 25. Rh1 Kf8 26. Ne3 Bg7 27. Bc4 f5 28. Qf3 a5 29. a4 Qg5 30. Bb5 e4 31. Qd1 Qf6 32. Qc1 Nd3 33. Bxd3 exd3 34. c3 f4 35. Ng2 g5 36. Qd2 Qf5 37. Ne1 Qxd5 38. Rg1 Re7 39. Nxd3 Bf6 40. Qd1 b5 41. axb5 Qxb5 42. Kc2 d5 43. Qh5 Re6 44. Qg4 Ke7 45. Rh1 d4 46. Rh7+ Kd6 47. cxd4 Bxd4 48. Rh5 Bf6 49. Qxf4+ Kc6 50. Qg4 Rd6 51. Qe4+ Kb6 52. Rh7 Qc6+ 53. Qxc6+ Kxc6 54. Ra7 Kb5 1/2-1/2

[Event "Belgrade Summer GM 1st"]
[Site "Belgrade"]
[Date "2018.06.29"]
[Round "7"]
[White "Nestorovic, Lazar"]
[Black "Atalik, Suat"]
[Result "0-1"]
[WhiteElo "2372"]
[BlackElo "2512"]
[PlyCount "78"]
[EventDate "2018.06.25"]
[EventType "tourn"]
[EventRounds "9"]
[EventCountry "YUG"]
[EventCategory "7"]
[SourceTitle "CBM 186"]
[Source "ChessBase"]
[SourceDate "2018.09.14"]
[SourceVersion "1"]
[SourceVersionDate "2018.09.14"]
[SourceQuality "1"]

1. e4 c5 2. Nf3 Nf6 3. e5 Nd5 4. c3 Nc6 5. d4 cxd4 6. cxd4 d6 7. Bd2 g6 8. Nc3 Nxc3 9. Bxc3 Bg7 10. h3 dxe5 11. Nxe5 Qd5 12. f3 Qd6 13. Bb5 0-0 14. Bxc6 bxc6 15. 0-0 c5 16. dxc5 Qxc5+ 17. Qd4 Qxd4+ 18. Bxd4 Rd8 19. Bc3 Bb7 20. Rad1 Rac8 21. Rxd8+ Rxd8 22. Re1 Bf6 23. Kf2 h5 24. Nc4 Bxc3 25. bxc3 Ba6 26. Ne5 Rd2+ 27. Kg1 Rxa2 28. Nc6 Bc4 29. Rxe7 a5 30. Rc7 Bb3 31. Nd4 a4 32. Nxb3 axb3 33. Rb7 b2 34. Kh2 h4 35. c4 Kf8 36. c5 Ke8 37. c6 Kd8 38. Rd7+ Kc8 39. Rb7 g5 0-1

[Event "Belgrade Summer GM 1st"]
[Site "Belgrade"]
[Date "2018.06.28"]
[Round "5"]
[White "Nestorovic, Lazar"]
[Black "Damljanovic, Branko"]
[Result "0-1"]
[WhiteElo "2372"]
[BlackElo "2499"]
[PlyCount "76"]
[EventDate "2018.06.25"]
[EventType "tourn"]
[EventRounds "9"]
[EventCountry "YUG"]
[EventCategory "7"]
[SourceTitle "CBM 185 Extra"]
[Source "ChessBase"]
[SourceDate "2018.07.29"]
[SourceVersion "1"]
[SourceVersionDate "2018.07.29"]
[SourceQuality "1"]

1. e4 c5 2. c3 d6 3. f4 Nf6 4. Nf3 Nc6 5. Bd3 e5 6. Bc2 exf4 7. d3 Nh5 8. 0-0 g6 9. Ba4 Bg7 10. d4 0-0 11. b3 cxd4 12. cxd4 Bg4 13. Bb2 Qb6 14. Bxc6 bxc6 15. Nbd2 d5 16. Qe1 dxe4 17. Qxe4 Rfe8 18. Qc2 Re2 19. Qd3 Rae8 20. Nc4 Qd8 21. Rad1 Bf5 22. Qc3 Rc2 23. Qb4 Ree2 24. Ne1 Rxb2 25. Nxb2 Rxb2 26. Qc3 Rxa2 27. Qxc6 Bxd4+ 28. Kh1 Qf6 29. Qa8+ Kg7 30. Nf3 Bb6 31. Rfe1 Bg4 32. Re8 Bxf3 33. Rg8+ Kh6 34. Qxf3 Qh4 35. h3 Rf2 36. Qa8 Qxh3+ 37. gxh3 Ng3+ 38. Kg1 Rd2# 0-1

[Event "Sarajevo Bosna op 48th"]
[Site "Sarajevo"]
[Date "2018.05.10"]
[Round "8"]
[White "Nestorovic, Lazar"]
[Black "Doric, Nenad"]
[Result "1/2-1/2"]
[WhiteElo "2370"]
[BlackElo "2250"]
[PlyCount "71"]
[EventDate "2018.05.05"]
[EventType "swiss"]
[EventRounds "9"]
[EventCountry "BIH"]
[SourceTitle "CBM 184 Extra"]
[Source "ChessBase"]
[SourceDate "2018.06.28"]
[SourceVersion "1"]
[SourceVersionDate "2018.06.28"]
[SourceQuality "1"]

1. e4 e5 2. Bb5 c6 3. Ba4 Nf6 4. Qe2 Na6 5. c3 Nc5 6. Bc2 Ne6 7. d3 Bc5 8. Be3 Bxe3 9. fxe3 Qb6 10. Bb3 Nc5 11. Nf3 d6 12. Nbd2 Nxb3 13. axb3 0-0 14. 0-0 Be6 15. d4 Rfe8 16. Nh4 Qd8 17. Nf5 Bxf5 18. Rxf5 exd4 19. exd4 Nxe4 20. Nxe4 d5 21. Qf2 Rxe4 22. Rxf7 Re7 23. Rf1 Qe8 24. Rf3 h6 25. Qg3 Kh7 26. Qh4 Re4 27. Qg3 Re7 28. Qh4 Re4 29. Rf4 Rxf4 30. Qxf4 Qe7 31. b4 a6 32. h3 Re8 33. Kh2 Kg8 34. Qg3 Rf8 35. Re1 Qf7 36. Qd6 1/2-1/2

[Event "Sarajevo Bosna op 48th"]
[Site "Sarajevo"]
[Date "2018.05.06"]
[Round "3"]
[White "Djukic, Nikola"]
[Black "Nestorovic, Lazar"]
[Result "1-0"]
[WhiteElo "2556"]
[BlackElo "2370"]
[PlyCount "69"]
[EventDate "2018.05.05"]
[EventType "swiss"]
[EventRounds "9"]
[EventCountry "BIH"]
[SourceTitle "CBM 184 Extra"]
[Source "ChessBase"]
[SourceDate "2018.06.28"]
[SourceVersion "1"]
[SourceVersionDate "2018.06.28"]
[SourceQuality "1"]

1. e4 c5 2. Nf3 d6 3. d4 cxd4 4. Nxd4 Nf6 5. Nc3 a6 6. g3 Bg4 7. f3 Bd7 8. Be3 h5 9. Qd2 e6 10. 0-0-0 Nc6 11. Bd3 Qc7 12. h3 Ne5 13. g4 h4 14. Kb1 b5 15. Qf2 g6 16. g5 Nh5 17. Qxh4 Nxd3 18. cxd3 b4 19. Nce2 Bg7 20. Qf2 a5 21. f4 e5 22. Rc1 Qb8 23. fxe5 dxe5 24. Nb3 0-0 25. Ng3 Nf4 26. Nc5 Bb5 27. h4 Nxd3 28. Nxd3 Bxd3+ 29. Ka1 Rc8 30. h5 Rxc1+ 31. Rxc1 Qb7 32. h6 Bh8 33. h7+ Kf8 34. Qf6 Bxf6 35. gxf6 1-0

[Event "Budapest Spring op"]
[Site "Budapest"]
[Date "2018.04.23"]
[Round "6"]
[White "Jarmula, Lukasz"]
[Black "Nestorovic, Lazar"]
[Result "1-0"]
[WhiteElo "2492"]
[BlackElo "2382"]
[PlyCount "79"]
[EventDate "2018.04.18"]
[EventType "swiss"]
[EventRounds "9"]
[EventCountry "HUN"]
[SourceTitle "CBM 184 Extra"]
[Source "ChessBase"]
[SourceDate "2018.06.28"]
[SourceVersion "1"]
[SourceVersionDate "2018.06.28"]
[SourceQuality "1"]

1. e4 c5 2. Nc3 a6 3. Nf3 d6 4. d4 cxd4 5. Nxd4 Nf6 6. Be2 e5 7. Nb3 Be7 8. Be3 Be6 9. Nd5 Nxd5 10. exd5 Bf5 11. 0-0 0-0 12. Qd2 Nd7 13. Na5 Rb8 14. c4 h6 15. b4 Bg5 16. Bxg5 hxg5 17. Rac1 g4 18. c5 dxc5 19. bxc5 Nf6 20. Rfd1 Be4 21. c6 Qxd5 22. Qxd5 Bxd5 23. Rxd5 Nxd5 24. cxb7 e4 25. Bxa6 Nb4 26. Bc4 Nd3 27. Rb1 Ne5 28. Bd5 Rfd8 29. Rb5 Rd6 30. Kf1 Kf8 31. Bxe4 f6 32. Rc5 g5 33. Rc8+ Rd8 34. Bf5 Ke7 35. Bxg4 Kd6 36. Bf5 Nd7 37. Nc4+ Ke7 38. Rc7 Ke8 39. Nd6+ Ke7 40. Ne4 1-0

[Event "Skopje Karposh op"]
[Site "Skopje"]
[Date "2018.03.28"]
[Round "6"]
[White "Velickovic, Sasa"]
[Black "Nestorovic, Lazar"]
[Result "1/2-1/2"]
[WhiteElo "2283"]
[BlackElo "2382"]
[PlyCount "71"]
[EventDate "2018.03.24"]
[EventType "swiss"]
[EventRounds "9"]
[EventCountry "MKD"]
[SourceTitle "CBM 183 Extra"]
[Source "ChessBase"]
[SourceDate "2018.04.19"]
[SourceVersion "1"]
[SourceVersionDate "2018.04.19"]
[SourceQuality "1"]

1. e4 c5 2. Nf3 d6 3. d4 cxd4 4. Nxd4 Nf6 5. Nc3 a6 6. g3 e6 7. Bg2 Be7 8. 0-0 0-0 9. Nce2 Qc7 10. b3 e5 11. Nf5 Bxf5 12. exf5 d5 13. Bb2 Rd8 14. Nc3 e4 15. Ne2 Nc6 16. Nd4 Rac8 17. Rc1 Bc5 18. Nxc6 Qxc6 19. Bxf6 Qxf6 20. Qe2 Qxf5 21. c4 Qg5 22. Kh1 Ba3 23. Rc2 dxc4 24. Rxc4 f5 25. Rxc8 Rxc8 26. Rd1 h5 27. f3 Rc1 28. fxe4 fxe4 29. Bxe4 b5 30. Rxc1 Bxc1 31. Qc2 Ba3 32. Qc8+ Kf7 33. Qd7+ Kf6 34. Qc6+ Ke7 35. Qb7+ Kd8 36. Qb8+ 1/2-1/2

[Event "SRB-ch sf"]
[Site "Zrenjanin"]
[Date "2018.02.19"]
[Round "6"]
[White "Nestorovic, Lazar"]
[Black "Ivic, Velimir"]
[Result "1/2-1/2"]
[WhiteElo "2396"]
[BlackElo "2415"]
[PlyCount "45"]
[EventDate "2018.02.16"]
[EventType "swiss"]
[EventRounds "9"]
[EventCountry "SRB"]
[SourceTitle "CBM 183 Extra"]
[Source "ChessBase"]
[SourceDate "2018.04.19"]
[SourceVersion "1"]
[SourceVersionDate "2018.04.19"]
[SourceQuality "1"]

1. e4 c5 2. Nf3 e6 3. d4 cxd4 4. Nxd4 Nf6 5. Nc3 d6 6. Be3 Be7 7. Qe2 e5 8. Nb3 0-0 9. 0-0-0 a5 10. a3 Qc7 11. Kb1 Be6 12. Rg1 a4 13. Nc1 Rd8 14. g4 d5 15. exd5 Nxd5 16. Nxd5 Bxd5 17. Bg2 e4 18. c4 Bxc4 19. Qc2 Nd7 20. Bxe4 Nf6 21. Bd3 Bxd3 22. Nxd3 Qa5 23. Nf4 1/2-1/2

[Event "SRB-ch sf"]
[Site "Zrenjanin"]
[Date "2018.02.18"]
[Round "5"]
[White "Vujacic, Borivoje"]
[Black "Nestorovic, Lazar"]
[Result "0-1"]
[WhiteElo "2241"]
[BlackElo "2396"]
[PlyCount "94"]
[EventDate "2018.02.16"]
[EventType "swiss"]
[EventRounds "9"]
[EventCountry "SRB"]
[SourceTitle "CBM 183 Extra"]
[Source "ChessBase"]
[SourceDate "2018.04.19"]
[SourceVersion "1"]
[SourceVersionDate "2018.04.19"]
[SourceQuality "1"]

1. e4 c5 2. Nf3 e6 3. d4 cxd4 4. Nxd4 Nf6 5. Nc3 d6 6. Be2 Be7 7. 0-0 0-0 8. f4 Nc6 9. Be3 Re8 10. Qe1 a6 11. Qg3 Qc7 12. Kh1 Bd7 13. Rae1 Bf8 14. Bd3 Nb4 15. e5 Nxd3 16. cxd3 Nd5 17. Nf5 Bc6 18. exd6 Qd7 19. Nh6+ Kh8 20. Bd4 f6 21. Nxd5 Bxd5 22. Bxf6 Bxd6 23. Bc3 Bxa2 24. Ng4 Rf8 25. Ne5 Qc7 26. Nc4 Bxc4 27. dxc4 Bxf4 28. Rxf4 Rxf4 29. Bxg7+ Qxg7 30. Qxf4 Qxb2 31. Qe4 Rf8 32. Qxe6 a5 33. h3 a4 34. Re5 a3 35. Qe7 Qc1+ 36. Re1 Rf1+ 37. Rxf1 Qxf1+ 38. Kh2 Qf4+ 39. Kg1 a2 40. Qe8+ Kg7 41. Qe7+ Kg6 42. Qe6+ Qf6 43. Qe8+ Kh6 44. Qe3+ Kg7 45. Qg3+ Kf7 46. Qc7+ Kg6 47. Qg3+ Kh5 0-1

[Event "SRB-ch sf"]
[Site "Zrenjanin"]
[Date "2018.02.16"]
[Round "1"]
[White "Nestorovic, Lazar"]
[Black "Lazarevic, Dusan"]
[Result "1-0"]
[WhiteElo "2396"]
[BlackElo "1983"]
[PlyCount "43"]
[EventDate "2018.02.16"]
[EventType "swiss"]
[EventRounds "9"]
[EventCountry "SRB"]
[SourceTitle "CBM 183 Extra"]
[Source "ChessBase"]
[SourceDate "2018.04.19"]
[SourceVersion "1"]
[SourceVersionDate "2018.04.19"]
[SourceQuality "1"]

1. e4 d6 2. d4 Nf6 3. Nc3 Nbd7 4. Nge2 c5 5. f3 cxd4 6. Nxd4 g6 7. Be3 Bg7 8. Bc4 a6 9. Qd2 b5 10. Bb3 Bb7 11. 0-0-0 Nc5 12. Kb1 Nxb3 13. axb3 Rc8 14. g4 h5 15. h3 Qc7 16. Rhe1 0-0 17. Bh6 b4 18. Bxg7 bxc3 19. Qh6 Nh7 20. Bxf8 Rxf8 21. gxh5 cxb2 22. Nf5 1-0

[Event "SRB-chT 1st League"]
[Site "Banja Vrujci"]
[Date "2017.09.24"]
[Round "11.4"]
[White "Vratonjic, Slobodan"]
[Black "Nestorovic, Lazar"]
[Result "0-1"]
[WhiteElo "2411"]
[BlackElo "2402"]
[PlyCount "100"]
[EventDate "2017.09.16"]
[EventType "team"]
[EventRounds "11"]
[EventCountry "SRB"]
[SourceTitle "EXT 2018"]
[Source "ChessBase"]
[SourceDate "2017.10.13"]
[SourceVersion "1"]
[SourceVersionDate "2017.10.13"]
[SourceQuality "1"]
[WhiteTeam "Gornji Milanovac Metalac"]
[BlackTeam "Vladimirci"]
[WhiteTeamCountry "SRB"]
[BlackTeamCountry "SRB"]

1. e4 c5 2. Nf3 d6 3. c3 Nf6 4. Bd3 Nc6 5. 0-0 Bg4 6. h3 Bxf3 7. Qxf3 g6 8. Bb5 Qb6 9. Bxc6+ Qxc6 10. Re1 Bg7 11. d3 0-0 12. Be3 Nd7 13. Nd2 e5 14. Qd1 f5 15. f3 Nf6 16. Qb3+ Kh8 17. Bg5 Nh5 18. Nf1 h6 19. Be7 Rfe8 20. Bh4 Nf4 21. Rad1 Nxd3 22. Rxd3 c4 23. Rxd6 Qxd6 24. Qxc4 Qb6+ 25. Bf2 Qxb2 26. Ne3 fxe4 27. Qxe4 Qxa2 28. Qxg6 Qe6 29. Qb1 a5 30. Nf5 Qg6 31. g4 a4 32. Qxb7 a3 33. Ra1 a2 34. Ba7 Rf8 35. Rxa2 Qf7 36. Qa6 Rfd8 37. Nxg7 Kxg7 38. Qe2 Rxa7 39. Qxe5+ Kg8 40. Rf2 Ra1+ 41. Kg2 Ra2 42. Rxa2 Qxa2+ 43. Kg3 Qd5 44. Qe3 Qd6+ 45. Kh4 Kf7 46. Qf2 Qf6+ 47. Kg3 Qxc3 48. Qa7+ Kf8 49. Qa2 Qe1+ 50. Kf4 Qd2+ 0-1

[Event "SRB-chT 1st League"]
[Site "Banja Vrujci"]
[Date "2017.09.23"]
[Round "10.3"]
[White "Nestorovic, Lazar"]
[Black "Radovanovic, Dusan"]
[Result "1/2-1/2"]
[WhiteElo "2402"]
[BlackElo "2327"]
[PlyCount "83"]
[EventDate "2017.09.16"]
[EventType "team"]
[EventRounds "11"]
[EventCountry "SRB"]
[SourceTitle "EXT 2018"]
[Source "ChessBase"]
[SourceDate "2017.10.13"]
[SourceVersion "1"]
[SourceVersionDate "2017.10.13"]
[SourceQuality "1"]
[WhiteTeam "Vladimirci"]
[BlackTeam "Pozega"]
[WhiteTeamCountry "SRB"]
[BlackTeamCountry "SRB"]

1. e4 c5 2. Nf3 d6 3. d4 cxd4 4. Nxd4 Nf6 5. Nc3 a6 6. Bg5 Nbd7 7. Be2 Qc7 8. Qd2 e6 9. f4 h6 10. Bxf6 Nxf6 11. Bf3 Bd7 12. 0-0-0 0-0-0 13. Rhe1 Be7 14. Kb1 Kb8 15. Re3 g6 16. e5 dxe5 17. fxe5 Nh7 18. Ne4 Ng5 19. Nd6 Nxf3 20. Nxf3 Bc6 21. Rd3 Bxf3 22. Rxf3 f5 23. Rc3 Bxd6 24. exd6 Qb6 25. d7 g5 26. a4 Rh7 27. Rd3 Re7 28. Rd6 Qc7 29. Qd3 f4 30. c4 e5 31. Qe4 Rexd7 32. Rxd7 Rxd7 33. Rxd7 Qxd7 34. Qxe5+ Ka7 35. Kc1 Qd3 36. Qc5+ Kb8 37. Qf8+ Kc7 38. Qg7+ Kc8 39. Qf8+ Kc7 40. Qg7+ Kc8 41. Qf8+ Kc7 42. Qg7+ 1/2-1/2